Library Banner

The universe in the lanscape (Record no. 72784)

MARC details
000 -LEADER
fixed length control field 00416nam a2200169Ia 4500
001 - CONTROL NUMBER
control field 67408
008 - FIXED-LENGTH DATA ELEMENTS--GENERAL INFORMATION
fixed length control field 150604s9999 xx 000 0 und d
020 ## - INTERNATIONAL STANDARD BOOK NUMBER
International Standard Book Number 9780711232341
040 ## - CATALOGING SOURCE
Transcribing agency PK-LaUMT
082 ## - DEWEY DECIMAL CLASSIFICATION NUMBER
Classification number 712
Item number JEN-U
100 ## - MAIN ENTRY--PERSONAL NAME
Personal name Jencks, Charles
245 #4 - TITLE STATEMENT
Title The universe in the lanscape
Statement of responsibility, etc Jencks, Charles
260 ## - PUBLICATION, DISTRIBUTION, ETC. (IMPRINT)
Place of publication, distribution, etc London,UK:
Name of publisher, distributor, etc Frances Lincholn,
Date of publication, distribution, etc 2011
300 ## - PHYSICAL DESCRIPTION
Extent 288 p.
546 ## - LANGUAGE NOTE
Language note EN
942 ## - ADDED ENTRY ELEMENTS (KOHA)
Koha item type Books
Holdings
Withdrawn status Lost status Damaged status Not for loan Home library Current library Date acquired Total Checkouts Full call number Barcode Date last seen Date checked out Price effective from Koha item type
        UMT Main Campus UMT Main Campus 2015-06-03 2 712 JEN-U 92023 2021-11-01 2021-10-29 2015-06-05 Books